000 00309nam a2200121 a 4500
005 20140414131918.0
008 101021s19uu xx 00 eng d
050 _aER
_bM74 2003
100 _aMaccarone, Grace
245 _aMonster math picnic.
260 _aNew York :
_bScholastic ,
_c2003.
999 _c111632
_d111632